[Event "SLO-chT1 Central 19th"]
[Site "Slovenia"]
[Date "2018.11.08"]
[Round "8.1"]
[White "Hribar, Viktor"]
[Black "Siraj, Anej"]
[Result "0-1"]
[WhiteElo "1819"]
[BlackElo "1905"]
[PlyCount "92"]
[EventDate "2018.09.13"]
[EventType "team-tourn"]
[EventRounds "9"]
[EventCountry "SLO"]
[SourceTitle "EXT 2021"]
[Source "ChessBase"]
[SourceDate "2020.10.23"]
[SourceVersion "1"]
[SourceVersionDate "2020.10.23"]
[SourceQuality "1"]
[WhiteTeam "Bor Dob II"]
[BlackTeam "Vrhnika"]
[WhiteTeamCountry "SLO"]
[BlackTeamCountry "SLO"]

1. e4 c5 2. c3 d6 3. d4 b6 4. dxc5 dxc5 5. Qxd8+ Kxd8 6. Bc4 e6 7. Bf4 Bd7 8. Na3 a6 9. Rd1 b5 10. Be2 Nf6 11. Bf3 Kc8 12. Bg3 Be7 13. Ne2 Bc6 14. e5 Nfd7 15. 0-0 Bxf3 16. gxf3 g5 17. Rfe1 h5 18. h3 Nc6 19. Nc1 Rd8 20. f4 gxf4 21. Bxf4 Kb7 22. Bh2 Ndxe5 23. Bxe5 Nxe5 24. Rxd8 Nf3+ 25. Kf1 Rxd8 26. Re3 Nh4 27. Rd3 Ng6 28. Rxd8 Bxd8 29. Ne2 h4 30. Nc2 Bg5 31. Ne1 e5 32. Kg2 Kc6 33. Kf3 f5 34. Nc2 e4+ 35. Kg2 Nf4+ 36. Nxf4 Bxf4 37. Kf1 Bc1 38. b3 Kd5 39. Ke2 Bg5 40. Na3 f4 41. f3 b4 42. cxb4 cxb4 43. fxe4+ Kxe4 44. Nc2 f3+ 45. Kf2 Bd2 46. a4 a5 0-1

[Event "Ljubljana-chT 71st"]
[Site "Ljubljana"]
[Date "2018.01.18"]
[Round "2.1"]
[White "Praznik, Anton"]
[Black "Hribar, Viktor"]
[Result "1-0"]
[WhiteElo "2145"]
[BlackElo "1835"]
[PlyCount "77"]
[EventDate "2018.01.11"]
[EventType "team-tourn"]
[EventRounds "9"]
[EventCountry "SLO"]
[SourceTitle "EXT 2020"]
[Source "ChessBase"]
[SourceDate "2019.10.17"]
[SourceVersion "1"]
[SourceVersionDate "2019.10.17"]
[SourceQuality "1"]
[WhiteTeam "Vrhnika"]
[BlackTeam "Bor Dob"]
[WhiteTeamCountry "SLO"]
[BlackTeamCountry "SLO"]

1. e4 c5 2. Nf3 Nc6 3. Bb5 g6 4. Bxc6 bxc6 5. d3 Bg7 6. 0-0 d6 7. h3 Nf6 8. e5 Nd5 9. exd6 Qxd6 10. Nbd2 Nc7 11. Nc4 Qd5 12. Bf4 Ne6 13. Be5 f6 14. Ne3 Qd7 15. Bh2 Kf7 16. Re1 Rd8 17. Qe2 Bf8 18. Rad1 Nd4 19. Nxd4 cxd4 20. Nc4 Qd5 21. b3 Bb7 22. Qe4 Rac8 23. Re2 e5 24. f4 Qxe4 25. Rxe4 c5 26. Re2 exf4 27. Bxf4 Bd5 28. Rde1 Bxc4 29. bxc4 Re8 30. Kf2 Rxe2+ 31. Rxe2 Re8 32. Rd2 Ke6 33. Rd1 Kf5 34. Bh2 h5 35. Rb1 Re6 36. Rb8 Be7 37. Rb7 a6 38. a4 Bd8 39. Rd7 1-0

[Event "SLO-chT Central Superliga 17th"]
[Site "Slovenia"]
[Date "2016.10.06"]
[Round "3.4"]
[White "Vujic, Nikola"]
[Black "Hribar, Viktor"]
[Result "0-1"]
[WhiteElo "1525"]
[BlackElo "1868"]
[PlyCount "118"]
[EventDate "2016.09.22"]
[EventType "team-tourn"]
[EventRounds "9"]
[EventCountry "SLO"]
[SourceTitle "EXT 2023"]
[Source "ChessBase"]
[SourceDate "2022.10.05"]
[SourceVersion "1"]
[SourceVersionDate "2022.10.05"]
[SourceQuality "1"]
[WhiteTeam "Ig"]
[BlackTeam "Bor Dob"]
[WhiteTeamCountry "SLO"]
[BlackTeamCountry "SLO"]

1. d4 d5 2. Nc3 Nf6 3. Bf4 c6 4. Nf3 g6 5. e3 Bg7 6. Bd3 Nh5 7. Bg3 Bg4 8. Be2 Nd7 9. Ne5 Bxe2 10. Qxe2 Nxg3 11. hxg3 Nxe5 12. dxe5 Bxe5 13. Qd3 Qa5 14. f4 Bg7 15. Kf2 0-0-0 16. a3 d4 17. b4 Qc7 18. exd4 Bxd4+ 19. Kf3 e5 20. Rae1 f5 21. fxe5 Bxe5 22. Qc4 Bxg3 23. Rd1 Rde8 24. Ne2 Re4 25. Rd4 Rhe8 26. Rxe4 fxe4+ 27. Ke3 Qe5 28. Qc5 Re7 29. Rh3 Qxc5+ 30. bxc5 Bc7 31. Rh4 b6 32. Nd4 Kb7 33. cxb6 axb6 34. Rxe4 Rd7 35. Ne6 c5 36. Kf3 Kc6 37. Kg4 Bd6 38. Kg5 Kd5 39. Re2 Be5 40. Nf4+ Bxf4+ 41. Kxf4 Ra7 42. Rd2+ Ke6 43. Rd3 h6 44. Rb3 Ra4+ 45. Kf3 Ra6 46. Ke4 Ra4+ 47. Kf3 Kf5 48. Ke3 Ra6 49. Kf3 h5 50. Kg3 Ra4 51. Rf3+ Ke5 52. Re3+ Kd5 53. Rd3+ Rd4 54. Rb3 Kc6 55. Rd3 Rxd3+ 56. cxd3 Kd5 57. Kf3 Kd4 58. Ke2 g5 59. a4 h4 0-1

[Event "Ljubljana-chT 69th 1st League"]
[Site "Ljubljana"]
[Date "2016.01.21"]
[Round "2.3"]
[White "Hribar, Viktor"]
[Black "Bajec, Borut"]
[Result "1-0"]
[WhiteElo "1857"]
[BlackElo "1818"]
[PlyCount "119"]
[EventDate "2016.01.14"]
[EventType "team-tourn"]
[EventRounds "9"]
[EventCountry "SLO"]
[SourceTitle "EXT 2022"]
[Source "ChessBase"]
[SourceDate "2021.10.06"]
[SourceVersion "1"]
[SourceVersionDate "2021.10.06"]
[SourceQuality "1"]
[WhiteTeam "Bor Dob"]
[BlackTeam "Trzin Buscotrade"]
[WhiteTeamCountry "SLO"]
[BlackTeamCountry "SLO"]

1. Nf3 d5 2. d4 Nf6 3. g3 e6 4. Bg2 Bd6 5. 0-0 0-0 6. Nbd2 Nbd7 7. c3 c5 8. e3 b6 9. a4 Bb7 10. Re1 Rc8 11. Nh4 e5 12. Nf5 Bb8 13. Nb3 Re8 14. a5 c4 15. Nd2 bxa5 16. Qa4 g6 17. Nh4 Bc7 18. Nxc4 exd4 19. cxd4 Bxg3 20. hxg3 Rxc4 21. Qxa5 Qe7 22. Bd2 Rc2 23. Bc3 Ne4 24. Qa4 Rxc3 25. bxc3 Bc8 26. Qxa7 Qg5 27. Qc7 Ndf6 28. Ra8 Qg4 29. f3 Qxg3 30. Qxg3 Nxg3 31. Kh2 Ngh5 32. Bh3 Bxh3 33. Rxe8+ Nxe8 34. Kxh3 Nd6 35. Ng2 Nf6 36. Nf4 g5 37. Nd3 h5 38. Ne5 Kg7 39. Ra1 Nfe8 40. Ra7 Kg8 41. Kg2 h4 42. Ng4 Kg7 43. Kf2 Nb5 44. Rd7 Ned6 45. Kg2 Kg6 46. Nf2 Kf6 47. Rd8 Ke7 48. Rg8 f6 49. Nd1 Kf7 50. Ra8 Ke6 51. Rh8 Kf5 52. Kh3 Nc4 53. Re8 Nbd6 54. Re7 Na3 55. Rc7 Nb1 56. Rc6 Ke6 57. e4 dxe4 58. fxe4 Nd2 59. e5 N2e4 60. exd6 1-0

[Event "Ljubljana-chT 68th 1st League"]
[Site "Ljubljana"]
[Date "2015.02.19"]
[Round "6.2"]
[White "Stevanic, David"]
[Black "Hribar, Viktor"]
[Result "1/2-1/2"]
[WhiteElo "1870"]
[BlackElo "1873"]
[PlyCount "65"]
[EventDate "2015.01.08"]
[EventType "team-tourn"]
[EventRounds "9"]
[EventCountry "SLO"]
[SourceTitle "EXT 2022"]
[Source "ChessBase"]
[SourceDate "2021.10.06"]
[SourceVersion "1"]
[SourceVersionDate "2021.10.06"]
[SourceQuality "1"]
[WhiteTeam "Kocevje"]
[BlackTeam "Bor Dob"]
[WhiteTeamCountry "SLO"]
[BlackTeamCountry "SLO"]

1. e4 e6 2. d4 d5 3. Nc3 dxe4 4. Nxe4 Nf6 5. Nxf6+ Qxf6 6. Nf3 h6 7. Bd3 Bd6 8. 0-0 0-0 9. Re1 Nd7 10. c3 Re8 11. b3 Nf8 12. Qc2 Bd7 13. Bb2 Bc6 14. Ne5 Bxe5 15. dxe5 Qg5 16. Be4 Bxe4 17. Qxe4 c6 18. Rad1 Rad8 19. Ba3 Rxd1 20. Rxd1 Rd8 21. Bd6 Ng6 22. Re1 Qd2 23. Qe3 Qxe3 24. fxe3 f6 25. c4 Nxe5 26. Bxe5 fxe5 27. Re2 Kf7 28. Kf2 Kf6 29. Kf3 Kf5 30. g4+ Kf6 31. Ke4 Rd1 32. Rf2+ Ke7 33. Kxe5 1/2-1/2

[Event "Ljubljana-chT 68th 1st League"]
[Site "Ljubljana"]
[Date "2015.01.15"]
[Round "2.2"]
[White "Hribar, Viktor"]
[Black "Jazbec, Hinko"]
[Result "0-1"]
[WhiteElo "1873"]
[BlackElo "1983"]
[PlyCount "43"]
[EventDate "2015.01.08"]
[EventType "team-tourn"]
[EventRounds "9"]
[EventCountry "SLO"]
[SourceTitle "EXT 2022"]
[Source "ChessBase"]
[SourceDate "2021.10.06"]
[SourceVersion "1"]
[SourceVersionDate "2021.10.06"]
[SourceQuality "1"]
[WhiteTeam "Bor Dob"]
[BlackTeam "Zagorje ob Savi"]
[WhiteTeamCountry "SLO"]
[BlackTeamCountry "SLO"]

1. d4 e5 2. dxe5 Nc6 3. Bf4 Qe7 4. a3 Nxe5 5. Nc3 c6 6. e4 d5 7. Qd4 Ng6 8. Be3 dxe4 9. Qxe4 Nf6 10. Qxe7+ Bxe7 11. h3 0-0 12. Nf3 Re8 13. Bd3 Bc5 14. Kd2 Bxe3+ 15. fxe3 Be6 16. Ng5 Rad8 17. Nxe6 Rxe6 18. Rae1 Ne5 19. Ke2 Nxd3 20. cxd3 Nh5 21. Kd2 Red6 22. d4 0-1

[Event "Ljubljana-chT 68th 1st League"]
[Site "Ljubljana"]
[Date "2015.01.08"]
[Round "1.1"]
[White "Hribar, Viktor"]
[Black "Butala, Marjan"]
[Result "1-0"]
[WhiteElo "1873"]
[BlackElo "2067"]
[PlyCount "93"]
[EventDate "2015.01.08"]
[EventType "team-tourn"]
[EventRounds "9"]
[EventCountry "SLO"]
[SourceTitle "EXT 2022"]
[Source "ChessBase"]
[SourceDate "2021.10.06"]
[SourceVersion "1"]
[SourceVersionDate "2021.10.06"]
[SourceQuality "1"]
[WhiteTeam "Bor Dob"]
[BlackTeam "Ljubljana Karel Jeraj"]
[WhiteTeamCountry "SLO"]
[BlackTeamCountry "SLO"]

1. d4 Nf6 2. c4 c5 3. d5 d6 4. Nc3 e6 5. e4 exd5 6. exd5 Be7 7. Bd3 0-0 8. Bf4 a6 9. Nf3 Re8 10. 0-0 Bg4 11. Qb3 Qc7 12. Ng5 h6 13. Nge4 Nh5 14. Bd2 Bc8 15. Rae1 Nd7 16. Qd1 Nhf6 17. Bf4 b6 18. b3 Bb7 19. a4 Rad8 20. g4 Nh7 21. Bg3 Bc8 22. h4 Ndf8 23. f4 Bf6 24. g5 Bd4+ 25. Kh2 g6 26. gxh6 Qd7 27. f5 gxf5 28. Nxd6 Rxe1 29. Qxe1 f4 30. Bf5 Qxd6 31. Bxf4 Qf6 32. Qg3+ Ng6 33. Bxc8 Rxc8 34. Ne4 Qxh4+ 35. Qxh4 Nxh4 36. Bg3 Ng6 37. Rf5 Be3 38. d6 Rd8 39. Rd5 Rd7 40. a5 bxa5 41. Nxc5 Nf6 42. Nxd7 Nxd5 43. cxd5 f5 44. Ne5 Nf8 45. Kg2 Bc5 46. Nc6 Nd7 47. Ne7+ 1-0

[Event "SLO-chT Central Superliga 15th"]
[Site "Slovenia"]
[Date "2014.09.25"]
[Round "3.4"]
[White "Juhant, Igor"]
[Black "Hribar, Viktor"]
[Result "0-1"]
[WhiteElo "1996"]
[BlackElo "1871"]
[PlyCount "81"]
[EventDate "2014.09.11"]
[EventType "team-tourn"]
[EventRounds "9"]
[EventCountry "SLO"]
[SourceTitle "EXT 2022"]
[Source "ChessBase"]
[SourceDate "2021.10.06"]
[SourceVersion "1"]
[SourceVersionDate "2021.10.06"]
[SourceQuality "1"]
[WhiteTeam "Komenda Popotnik"]
[BlackTeam "Bor Dob"]
[WhiteTeamCountry "SLO"]
[BlackTeamCountry "SLO"]

1. e4 d6 2. c4 c5 3. Nf3 Nc6 4. h3 Nf6 5. Nc3 g6 6. Be2 Bg7 7. 0-0 0-0 8. d3 a6 9. Rb1 b5 10. b3 Rb8 11. Bd2 Nd7 12. Nd5 e6 13. Ne3 b4 14. Bc1 Qa5 15. Qd2 Bc3 16. Qc2 Nde5 17. Bd2 Nxf3+ 18. Bxf3 Nd4 19. Qc1 Qxa2 20. Bxc3 bxc3 21. Qxc3 Rxb3 22. Rxb3 Qxb3 23. Qxb3 Nxb3 24. Rb1 Nd4 25. Rb6 Rd8 26. Bd1 Kf8 27. g4 g5 28. Kg2 Ke7 29. Kg3 Kf6 30. f4 h6 31. h4 gxf4+ 32. Kxf4 Ke7 33. e5 dxe5+ 34. Kxe5 f6+ 35. Kf4 Rg8 36. Nf1 Kd7 37. Ng3 Kc7 38. Rb2 e5+ 39. Ke4 Bxg4 40. Ne2 Nxe2 41. Bxe2 0-1

[Event "SLO-chT Central 1st League 12th"]
[Site "Slovenia"]
[Date "2011.10.13"]
[Round "5.2"]
[White "Hribar, Viktor"]
[Black "Jukan, Damir"]
[Result "1-0"]
[WhiteElo "1753"]
[BlackElo "1648"]
[PlyCount "99"]
[EventDate "2011.09.08"]
[EventType "team-tourn"]
[EventRounds "9"]
[EventCountry "SLO"]
[SourceTitle "EXT 2022"]
[Source "ChessBase"]
[SourceDate "2021.10.06"]
[SourceVersion "1"]
[SourceVersionDate "2021.10.06"]
[SourceQuality "1"]
[WhiteTeam "Bor Dob"]
[BlackTeam "Dom In Agencija Neprem"]
[WhiteTeamCountry "SLO"]
[BlackTeamCountry "SLO"]

1. e4 e6 2. d4 b6 3. Bd3 Bb7 4. Nf3 h6 5. 0-0 c5 6. Re1 cxd4 7. Nxd4 e5 8. Nf5 g6 9. Ne3 Bg7 10. Nc3 Na6 11. Ned5 Ne7 12. Nxe7 Qxe7 13. Nd5 Qd6 14. Bc4 Nc7 15. Nxc7+ Qxc7 16. Bd5 0-0 17. c4 Bxd5 18. Qxd5 Qc6 19. Rd1 a6 20. b3 Ra7 21. Ba3 Re8 22. Rac1 Qe6 23. Rc3 Bf8 24. Bxf8 Kxf8 25. Qd2 Kg7 26. Rh3 h5 27. Rd3 f5 28. Rxd7+ Re7 29. Rxa7 Rxa7 30. Qd6 Re7 31. Qxe6 Rxe6 32. exf5 gxf5 33. Kf1 e4 34. Rd5 Kf6 35. Ke2 Kg5 36. h4+ Kg4 37. g3 Rc6 38. a4 Rf6 39. Ke3 f4+ 40. gxf4 Kxh4 41. Kxe4 Rh6 42. Kf3 Kh3 43. b4 h4 44. c5 Kh2 45. Rd6 Rh8 46. cxb6 Rb8 47. Rh6 h3 48. a5 Rc8 49. b7 Rb8 50. Rh7 1-0

[Event "SLO-chT Central Superliga 11th"]
[Site "Slovenia"]
[Date "2010.11.05"]
[Round "7.3"]
[White "Hribar, Viktor"]
[Black "Sivic, Klemen"]
[Result "0-1"]
[WhiteElo "1811"]
[BlackElo "2043"]
[PlyCount "102"]
[EventDate "2010.09.09"]
[EventType "team-tourn"]
[EventRounds "9"]
[EventCountry "SLO"]
[SourceTitle "EXT 2022"]
[Source "ChessBase"]
[SourceDate "2021.10.06"]
[SourceVersion "1"]
[SourceVersionDate "2021.10.06"]
[SourceQuality "1"]
[WhiteTeam "Bor Dob"]
[BlackTeam "Podpec MKK"]
[WhiteTeamCountry "SLO"]
[BlackTeamCountry "SLO"]

1. e4 e6 2. d4 d5 3. Nc3 Bb4 4. exd5 exd5 5. Qf3 Nc6 6. Bb5 Nf6 7. Bg5 Bg4 8. Qxg4 Nxg4 9. Bxd8 Kxd8 10. Nf3 Re8+ 11. Kf1 Bxc3 12. bxc3 Re6 13. Re1 Rxe1+ 14. Kxe1 Ne7 15. Bd3 f6 16. Ke2 g6 17. Rb1 b6 18. h3 Nh6 19. c4 Nf7 20. g3 c6 21. a4 Nd6 22. cxd5 cxd5 23. g4 Nc6 24. Bb5 Rc8 25. Bd3 Ne4 26. Ke3 Nc3 27. Rb3 Na5 28. Rb4 Nc4+ 29. Bxc4 dxc4 30. Kd2 Nd5 31. Rb5 c3+ 32. Kd3 Nf4+ 33. Ke3 Nxh3 34. a5 Kc7 35. axb6+ axb6 36. Nh2 Re8+ 37. Kd3 Nxf2+ 38. Kxc3 Re3+ 39. Kd2 Rh3 40. Nf1 Nxg4 41. c4 Rf3 42. Ke2 Rf2+ 43. Ke1 Rf4 44. c5 Rxd4 45. Rxb6 Rc4 46. Ra6 h5 47. Ng3 Rxc5 48. Ra7+ Kc6 49. Rg7 Rg5 50. Kf1 Ne3+ 51. Kf2 Rxg3 0-1

[Event "Ljubljana-chT 62nd 1st League"]
[Site "Ljubljana"]
[Date "2009.03.12"]
[Round "9.3"]
[White "Leben, Dusan"]
[Black "Hribar, Viktor"]
[Result "1/2-1/2"]
[WhiteElo "1792"]
[BlackElo "1832"]
[PlyCount "33"]
[EventDate "2009.01.08"]
[EventType "team-tourn"]
[EventRounds "9"]
[EventCountry "SLO"]
[SourceTitle "EXT 2022"]
[Source "ChessBase"]
[SourceDate "2021.10.06"]
[SourceVersion "1"]
[SourceVersionDate "2021.10.06"]
[SourceQuality "1"]
[WhiteTeam "Podpec Prigo"]
[BlackTeam "Bor Dob"]
[WhiteTeamCountry "SLO"]
[BlackTeamCountry "SLO"]

1. e4 c5 2. Nf3 Nc6 3. d4 cxd4 4. Nxd4 Nf6 5. Nc3 a6 6. Nxc6 bxc6 7. Bd3 e6 8. 0-0 d5 9. exd5 cxd5 10. Bg5 h6 11. Bh4 Be7 12. Rb1 0-0 13. Ne2 Nh5 14. Bxe7 Qxe7 15. c3 a5 16. Ng3 Nxg3 17. hxg3 1/2-1/2

[Event "Ljubljana-chT 62nd 1st League"]
[Site "Ljubljana"]
[Date "2009.03.05"]
[Round "8.3"]
[White "Hribar, Viktor"]
[Black "Abe, Aljaz"]
[Result "1-0"]
[WhiteElo "1832"]
[BlackElo "1618"]
[PlyCount "61"]
[EventDate "2009.01.08"]
[EventType "team-tourn"]
[EventRounds "9"]
[EventCountry "SLO"]
[SourceTitle "EXT 2022"]
[Source "ChessBase"]
[SourceDate "2021.10.06"]
[SourceVersion "1"]
[SourceVersionDate "2021.10.06"]
[SourceQuality "1"]
[WhiteTeam "Bor Dob"]
[BlackTeam "Loka pri Mengsu"]
[WhiteTeamCountry "SLO"]
[BlackTeamCountry "SLO"]

1. e4 d5 2. exd5 Qxd5 3. Nc3 Qa5 4. d4 Nf6 5. Bc4 Bf5 6. Nf3 Nbd7 7. 0-0 e6 8. d5 Rd8 9. dxe6 Bxe6 10. Bxe6 fxe6 11. Qe2 e5 12. Bf4 Bd6 13. Rae1 0-0 14. Nxe5 Rde8 15. Qc4+ Kh8 16. Nf7+ Rxf7 17. Rxe8+ Nxe8 18. Qxf7 Nef6 19. Bxd6 cxd6 20. Ne4 Qe5 21. Nxf6 Nxf6 22. Qxb7 a5 23. Qb8+ Ng8 24. Rd1 h6 25. Qxd6 Qxb2 26. c4 Qxa2 27. c5 Nf6 28. Qd8+ Kh7 29. Qd3+ Kh8 30. h3 a4 31. c6 1-0

[Event "Ljubljana-chT 62nd 1st League"]
[Site "Ljubljana"]
[Date "2009.02.19"]
[Round "7.3"]
[White "Zupec, Jan"]
[Black "Hribar, Viktor"]
[Result "1/2-1/2"]
[WhiteElo "1957"]
[BlackElo "1832"]
[PlyCount "26"]
[EventDate "2009.01.08"]
[EventType "team-tourn"]
[EventRounds "9"]
[EventCountry "SLO"]
[SourceTitle "EXT 2022"]
[Source "ChessBase"]
[SourceDate "2021.10.06"]
[SourceVersion "1"]
[SourceVersionDate "2021.10.06"]
[SourceQuality "1"]
[WhiteTeam "Ig"]
[BlackTeam "Bor Dob"]
[WhiteTeamCountry "SLO"]
[BlackTeamCountry "SLO"]

1. d4 Nf6 2. Nf3 g6 3. Nbd2 Bg7 4. e4 d6 5. Bc4 0-0 6. 0-0 d5 7. exd5 Nxd5 8. Ne4 b6 9. Qe2 Bb7 10. Re1 Nd7 11. c3 N7f6 12. Nxf6+ exf6 13. Bd2 Re8 1/2-1/2